Statistics for Countries of the World without a Map or Text

Click here to take the quiz!

General Stats

  • This quiz has been taken 62 times
  • The average score is 148 of 196

Answer Stats

CountryTick% Correct
United States
89%
France | Mexico | United Kingdom
87%
Canada
85%
Belgium | Germany | Italy | +2 others
83%
Andorra | Australia | Croatia | +7 others
80%
Afghanistan | Algeria | Austria | +31 others
78%
Argentina | Azerbaijan | Belarus | +42 others
76%
Albania | Armenia | Bangladesh | +52 others
74%
Angola | Benin | Bhutan | +25 others
72%
Antigua and Barbuda | Bahamas | Bahrain | +9 others
70%
Cameroon
67%
Malawi
65%

Score Distribution

Percentile by Number Answered

Percent of People with Each Score

Your Score History

You have not taken this quiz